Statistics for Geography by Letter - X

Click here to take the quiz!

General Stats

  • This quiz has been taken 44 times
  • The average score is 5 of 12

Answer Stats

hintanswer% Correct
City of the Terracotta WarriorsXi'an
95%
Chinese city in Fujian province, pop 7 millionXiamen
76%
The names of two kings of ancient PersiaXerxes
73%
Jerez de la Frontera, a Spanish city, in FrenchXerés
49%
Capital of the Yuan dynasty of Kublai KhanXanadu
46%
City in north-east Greece, pop 65,000Xanthi
29%
City in Ohio, pop 25,000Xenia
27%
Brazilian tributary of the Amazon, 2260 km longXingu
20%
Capital of the state of Veracruz in MexicoXalapa
15%
German town near the Dutch borderXanten
15%
Tourist destination in Mexico City containing canals and lakesXochimilco
10%
Plants adapted to dry environments, such as cactixerophyte
5%

Score Distribution

Percentile by Number Answered

Percent of People with Each Score

Your Score History

You have not taken this quiz